Score 0/15 Timer 01:30
1 Play Today
% Correct
Shakespeare
89.6%
Angelou
87.9%
Wilde
86.7%
Whitman
85.5%
Byron
84.8%
Dickinson
84.2%
cummings
83.5%
Barrett Browning
75.1%
% Correct
Frost
74.9%
Neruda
74.5%
Yeats
69.9%
Shelley
67.8%
Sandburg
66.9%
Pushkin
64.6%
Auden
62%

Today's Daily Dose

Remove Ads.
Support Sporcle.
Get the best of Sporcle when you Go Orange. This ad-free experience offers more features, more stats, and more fun while also helping to support Sporcle. Thank you for becoming a member.

You're not logged in!

Compare scores with friends on all Sporcle quizzes.
OR
Log In

Show Comments

Extras

Top Quizzes Today


Score Distribution

Your Account Isn't Verified!

In order to create a playlist on Sporcle, you need to verify the email address you used during registration. Go to your Sporcle Settings to finish the process.

Report this User

Report this user for behavior that violates our Community Guidelines.

Details: